000 00539nam a22001697a 4500
003 PILC
005 20150112093425.0
008 130214t xxu||||| |||| 00| 0 eng d
020 _a9711003376 (pbk.)
050 _aDS 664
_b.An561 1987
082 _aSFf 658.3
_bAn2 1987
100 _aAndres, Tomas Quintin D.
_911862
245 _aUnderstanding the Filipino /
_cby Tomas D. Andres, Pilar Corazon B. Ilada-Andres
260 _aQuezon City
_bNew Day Publishers
_c1987.
300 _a184 pages :
_c22 cm.
_billustration ;
942 _2lcc
_cBK
999 _c14177
_d14177